| 000 | 00523cam a2200157u 4500 | ||
|---|---|---|---|
| 082 |
_a158.103 _bHAN |
||
| 100 | 1 |
_aHanna, Henry Bathurst, _949947 |
|
| 245 | 0 | 4 |
_aThe second Afghan war, 1878-79-80; _bits causes, its conduct and its consequences, |
| 260 |
_aWestminster, _bA. Constable & co., ltd., _c1899-1904. |
||
| 300 |
_a2 v. _bfold. maps. _c23 cm. |
||
| 526 |
_a0 _b0 _c0 _d158_103000000000000_HAN |
||
| 526 |
_a0 _b0 _c0 _d158_103000000000000_HAN |
||
| 650 | 0 |
_aAfghan Wars. _946679 |
|
| 650 | 0 |
_bMCE _9379 |
|
| 942 |
_2ddc _cBK |
||
| 999 |
_c552692 _d552692 |
||